| 000 | 00811cab a2200241 4500 | ||
|---|---|---|---|
| 001 | WB3424-32 | ||
| 008 | 090401t1998 xxu||||| |||| 00| 0 eng d | ||
| 035 | _a(Sirsi) u86960 | ||
| 041 | _aeng | ||
| 245 | _aSet-aside plan `should be opposed` | ||
| 260 | _c1998 | ||
| 350 | _a0 | ||
| 490 |
_aFarmer`s Guardian _v19 June 1998, 7(1) |
||
| 520 | _aAttempts by the European Commission to stem a flood of cereal products entering Intervention by proposing to double set-aside rates to 10 per cent have aroused controversy. The UK, Spain, France and Italy have stressed they want a lower set-aside rate. | ||
| 650 | _aCAP | ||
| 650 | _aCEREALS | ||
| 650 | _aEUROPEAN COMMISSION | ||
| 650 | _aINTERVENTION | ||
| 650 | _aSET-ASIDE RATE | ||
| 690 | _aRURAL PRACTICE | ||
| 942 | _n0 | ||
| 948 | _c23/06/1998 | ||
| 999 |
_c54767 _d54767 |
||